[Event "Malmo Open"]
[Site "Malmo"]
[Date "2012.12.14"]
[Round "1"]
[White "Mansson, Peter"]
[Black "Hillarp Persson, Tiger"]
[Result "0-1"]
[WhiteElo "2196"]
[BlackElo "2619"]

1. e4 g6 2. d4 Bg7 3. Nc3 d6 4. Be3 a6 5. Be2 b5 6. a3 Bb7 7. Nf3 Nd7 8. 
Qd2 e6 9. O-O-O h6 10. Rhe1 Ne7 11. Kb1 Rb8 12. d5 e5 13. g4 Nf6 14. Rg1 
Bc8 15. g5 hxg5 16. Bxg5 Bd7 17. Nh4 a5 18. b4 axb4 19. axb4 Qc8 20. Kb2 
c6 21. dxc6 Qxc6 22. Qxd6 Qxc3+ 23. Kxc3 Nxe4+ 24. Kb2 Nxd6 25. Rxd6 e4+ 
26. Kb3 Be5 27. Rd2 Be6+ 28. c4 Nc6 29. Rgd1 O-O 30. f4 exf3 31. Nxf3 
bxc4+ 32. Ka3 Ra8# 0-1

[Event "Malmo Open"]
[Site "Malmo"]
[Date "2012.12.14"]
[Round "1"]
[White "Hector, Jonny"]
[Black "Ask, Josef"]
[Result "1-0"]
[WhiteElo "2608"]
[BlackElo "2182"]

1. e4 e6 2. d4 d5 3. e5 c5 4. c3 Qb6 5. Nf3 Nc6 6. Bd3 cxd4 7. O-O Bd7 8. 
Re1 Nh6 9. a3 a6 10. b4 Rc8 11. Bd2 Be7 12. Ra2 O-O 13. cxd4 Nf5 14. Bc3 
Na7 15. a4 Rxc3 16. Nxc3 Bxb4 17. Bxf5 Bxc3 18. Bxh7+ Kxh7 19. Qd3+ g6 20.
 Qxc3 Kg7 21. Rb2 Qc6 22. Qb4 b5 23. a5 Re8 24. Qd2 Rc8 25. Qf4 Qc3 26. 
Rbb1 Qxa5 27. Ng5 Be8 28. Rec1 Rc4 29. Qf6+ Kg8 30. Qe7 1-0

[Event "Malmo Open"]
[Site "Malmo"]
[Date "2012.12.14"]
[Round "1"]
[White "Danielsson, Dominik"]
[Black "Brynell, Stellan"]
[Result "0-1"]
[WhiteElo "2177"]
[BlackElo "2572"]

1. Nf3 Nf6 2. d4 e6 3. Bf4 c5 4. c3 b6 5. e3 Bb7 6. Nbd2 Be7 7. Bd3 cxd4 
8. exd4 O-O 9. O-O d6 10. Re1 Nc6 11. Qe2 Re8 12. Ne4 Nxe4 13. Bxe4 Na5 
14. Bxb7 Nxb7 15. h3 Qd7 16. Rad1 Rac8 17. c4 Bf6 18. b3 d5 19. Be5 Be7 
20. Rc1 Na5 21. Red1 Red8 22. Rc2 dxc4 23. bxc4 Qa4 24. c5 bxc5 25. dxc5 
Rxd1+ 26. Qxd1 Rxc5 27. Ne1 Rxc2 28. Nxc2 f6 29. Bd4 Nc6 30. Bc3 Qxa2 31. 
Qd7 Qxc2 32. Qxe6+ Kf8 33. Qxc6 Qd1+ 34. Kh2 Qd6+ 35. Qxd6 Bxd6+ 36. Kg1 
Kf7 37. Kf1 Ke6 38. Ke2 Kd5 39. Kd3 Be5 40. Bb4 f5 41. g4 g6 42. gxf5 gxf5
43. Ba5 Bd4 44. f3 Bb6 45. Bc3 a5 46. Bb2 Bc5 47. Bc3 a4 48. Bb2 a3 49. 
Bc1 a2 50. Bb2 Bd6 51. Kc2 Be5 0-1

[Event "Malmo Open"]
[Site "Malmo"]
[Date "2012.12.14"]
[Round "1"]
[White "Ernst, Thomas"]
[Black "Walinder, Lars"]
[Result "0-1"]
[WhiteElo "2533"]
[BlackElo "2174"]

1. e4 c5 2. Nf3 d6 3. d4 cxd4 4. Nxd4 Nf6 5. Nc3 a6 6. Be2 e5 7. Nb3 Be7 
8. Be3 O-O 9. O-O Nc6 10. Bf3 b5 11. a4 b4 12. Nd5 Nxd5 13. exd5 Na5 14. 
Nxa5 Qxa5 15. Bd2 Bf5 16. c4 bxc3 17. Bxc3 Qc5 18. Rc1 Rac8 19. Qd2 Qb6 
20. a5 Qd8 21. Qe2 Bg5 22. Ra1 Ra8 23. Be4 Bc8 24. Bd3 f5 25. f3 Kh8 26. 
Kh1 Bb7 27. Bc4 Qc7 28. b3 Qf7 29. Rad1 Qh5 30. Bd2 Be7 31. Be3 f4 32. Bg1
g5 33. Bf2 Qf7 34. b4 Rg8 35. g4 h5 36. h3 Rg7 37. Kg2 Rh7 38. Bb6 Rf8 39.
 Qe4 Kg7 40. b5 axb5 41. Bxb5 Bc8 42. Rc1 Rfh8 43. Bg1 hxg4 44. hxg4 Rh4 
45. Rc7 Bxg4 46. fxg4 Rxg4+ 47. Kf2 Rg3 48. Ke1 g4 49. Qf5 Qxf5 0-1

[Event "Malmo Open"]
[Site "Malmo"]
[Date "2012.12.14"]
[Round "1"]
[White "Lindberg, Bengt"]
[Black "Lindahl, Emil"]
[Result "1/2-1/2"]
[WhiteElo "2477"]
[BlackElo "2172"]

1. e4 c5 2. Nf3 e6 3. d4 cxd4 4. Nxd4 a6 5. Nc3 Qc7 6. Bd3 Nf6 7. f4 d6 8.
 g4 Nc6 9. Nb3 Be7 10. g5 Nd7 11. Be3 b5 12. a3 Bb7 13. Qh5 g6 14. Qh3 Nc5
15. O-O b4 16. axb4 Nxb3 17. cxb3 Nxb4 18. Bb1 Rc8 19. f5 gxf5 20. exf5 
Bxg5 21. Bxg5 Rg8 22. Qg3 h6 23. h4 hxg5 24. fxe6 fxe6 25. Ne4 Bxe4 26. 
Bxe4 Qc5+ 27. Kh1 Qe5 28. Qg4 Ke7 29. Bh7 Qd5+ 30. Kh2 Qd2+ 31. Kh1 Qd5+ 
32. Be4 Qe5 33. Bg2 Nd3 34. Rxa6 Rc7 35. Qf3 Nf4 36. Rc6 Rd7 37. Rcc1 Qf5 
38. Rce1 e5 39. Qg3 Rdd8 40. h5 Rh8 41. Bf3 Rdg8 42. Bg4 Qf6 43. Qf3 d5 
44. Qe3 Qd6 45. Qxe5+ Qxe5 46. Rxe5+ Kd6 47. Rfe1 Nxh5 48. Re6+ Kc5 49. 
Kg1 Nf4 50. R6e3 Rh4 51. Bf3 g4 52. Bg2 Nxg2 53. Kxg2 Rgh8 54. Kg3 Rh3+ 
55. Kxg4 Rxe3 56. Rxe3 Rb8 57. Kf5 Kd4 58. Rc3 Rb5 59. Ke6 Rb4 60. Kd6 Rb5
61. Kc6 Rb8 62. Rh3 Rc8+ 63. Kd7 Rb8 64. Kc7 Rb4 65. Rh4+ Kc5 66. Rh3 Rd4 
67. Rc3+ Kb4 68. Kd6 Rd1 69. Ke5 d4 70. Rf3 d3 71. Kd4 Kxb3 72. Rxd3+ 
Rxd3+ 73. Kxd3 Kxb2 1/2-1/2

[Event "Malmo Open"]
[Site "Malmo"]
[Date "2012.12.14"]
[Round "1"]
[White "Reid, Gregor"]
[Black "Jepson, Christian"]
[Result "0-1"]
[WhiteElo "2166"]
[BlackElo "2454"]

1. Nf3 Nf6 2. g3 d5 3. Bg2 Nc6 4. O-O e5 5. d3 Be6 6. Ng5 Bg4 7. c4 dxc4 
8. Qa4 h6 9. Nf3 Bd6 10. Qxc4 O-O 11. Nc3 Rb8 12. Be3 Be6 13. Qh4 Ng4 14. 
Qxd8 Rfxd8 15. Bd2 f5 16. h3 Nf6 17. Nb5 Rbc8 18. Rfc1 a6 19. Nxd6 cxd6 
20. b4 Kf7 21. a4 e4 22. Ne1 Nd4 23. Rxc8 Rxc8 24. Kf1 Nb3 25. Rd1 d5 26. 
f3 Nxd2+ 27. Rxd2 e3 28. Rc2 Nh5 29. g4 Ng3+ 30. Kg1 Rxc2 31. Nxc2 Nxe2+ 
32. Kf1 Ng3+ 33. Ke1 f4 34. Nd4 Kf6 35. a5 Bd7 36. h4 Ke5 37. Nb3 d4 38. 
Nc5 Bc6 39. Kd1 h5 40. g5 Nf5 41. Bh3 Bxf3+ 42. Ke1 Nxh4 43. Ne6 Ng2+ 44. 
Bxg2 Bxg2 45. Nxg7 f3 46. Nxh5 f2+ 47. Ke2 f1=Q# 0-1

[Event "Malmo Open"]
[Site "Malmo"]
[Date "2012.12.14"]
[Round "1"]
[White "Pedersen, Nicolai V"]
[Black "Kvamme, John A"]
[Result "1-0"]
[WhiteElo "2440"]
[BlackElo "2162"]

1. d4 Nf6 2. c4 e5 3. dxe5 Ng4 4. e3 Nxe5 5. Nh3 Bb4+ 6. Bd2 Bxd2+ 7. Qxd2
d6 8. Nf4 Nbc6 9. Nc3 Bf5 10. Be2 O-O 11. O-O Re8 12. e4 Bd7 13. Nfd5 Rc8 
14. f4 Ng4 15. Bxg4 Bxg4 16. f5 Ne5 17. h3 Nxc4 18. Qf2 Bxh3 19. gxh3 c6 
20. Nf4 b5 21. b3 Ne5 22. Qg3 Kh8 23. Rad1 b4 24. Nce2 c5 25. Nd5 c4 26. 
bxc4 Rxc4 27. f6 Rg8 28. Ne7 1-0

[Event "Malmo Open"]
[Site "Malmo"]
[Date "2012.12.15"]
[Round "2"]
[White "Hillarp Persson, Tiger"]
[Black "Johansson, Linus"]
[Result "1-0"]
[WhiteElo "2619"]
[BlackElo "2357"]

1. d4 Nf6 2. c4 e6 3. g3 c5 4. Nf3 cxd4 5. Nxd4 Nc6 6. Bg2 Qb6 7. Nb3 Bb4+
8. Nc3 a5 9. O-O a4 10. Nd2 Bxc3 11. bxc3 Qc5 12. Rb1 Ra5 13. Rb5 Rxb5 14.
 cxb5 Qxb5 15. Ba3 h5 16. h3 d5 17. c4 dxc4 18. Qc1 Na5 19. Qc3 b6 20. Rb1
Qa6 21. Qb4 Qa7 22. Nxc4 Nxc4 23. Qxc4 Bb7 24. Qc7 1-0

[Event "Malmo Open"]
[Site "Malmo"]
[Date "2012.12.15"]
[Round "2"]
[White "Brynell, Stellan"]
[Black "Lindgren, Philip"]
[Result "1/2-1/2"]
[WhiteElo "2572"]
[BlackElo "2344"]

1. d4 c6 2. Nf3 d5 3. c4 Nf6 4. Nc3 e6 5. Bg5 h6 6. Bxf6 Qxf6 7. g3 Nd7 8.
 Bg2 dxc4 9. O-O Be7 10. Ne4 Qf5 11. Ned2 b5 12. a4 Bb7 13. axb5 Qxb5 14. 
Qc2 c5 15. Nxc4 Bd5 16. Na5 Nf6 17. Rfc1 Rc8 18. Ne5 Bxg2 19. Kxg2 O-O 20.
 Qd3 Qxd3 21. Nxd3 Nd7 22. f4 g5 23. e4 Nf6 24. Nxc5 Bxc5 25. dxc5 Nxe4 
26. b4 gxf4 27. gxf4 Rfd8 28. Rd1 f5 29. Nc4 Nc3 30. Rxd8+ Rxd8 31. Rxa7 
Rd4 32. Ne5 Rxb4 33. c6 Nd5 34. c7 Nxc7 35. Rxc7 Rxf4 36. Re7 Re4 37. Rxe6
Kg7 38. Kf3 h5 39. Kg3 h4+ 40. Kh3 Re2 41. Kxh4 Rxh2+ 42. Kg5 Rg2+ 43. 
Kxf5 Rf2+ 44. Kg5 Rg2+ 45. Ng4 Kf7 46. Re1 Rg3 47. Re2 Rg1 48. Re3 Rg2 49.
 Kf5 Kf8 50. Re4 Rg1 51. Ne5 Rf1+ 52. Ke6 Kg7 53. Rg4+ Kh6 54. Nd3 Kh5 55.
 Rg2 Rf3 56. Ne5 Rf1 57. Kd5 Kh4 58. Ke4 Kh5 59. Nd3 Kh6 60. Nf4 Kh7 61. 
Kf5 Ra1 62. Rb2 Ra5+ 63. Kf6 Ra6+ 64. Ne6 Kg8 65. Rg2+ Kh7 66. Re2 Kg8 67.
 Kg6 Kh8 68. Kf7 Ra7+ 69. Kf6 Kg8 70. Rb2 Ra8 71. Rb6 Rc8 72. Ng5 Rf8+ 73.
 Kg6 Ra8 74. Ne4 Kf8 75. Nf6 Ke7 76. Nd5+ Kd7 77. Kf6 Rf8+ 78. Ke5 Re8+ 
79. Kd4 Re1 80. Nb4 Rd1+ 81. Kc5 Ke7 82. Rh6 Kf7 1/2-1/2

[Event "Malmo Open"]
[Site "Malmo"]
[Date "2012.12.15"]
[Round "2"]
[White "Semcesen, Daniel"]
[Black "Nilsson, Anders"]
[Result "1-0"]
[WhiteElo "2520"]
[BlackElo "2300"]

1. d4 e6 2. c4 Bb4+ 3. Nc3 Qe7 4. e4 d6 5. Bd3 Nc6 6. Ne2 e5 7. O-O Bxc3 
8. bxc3 Nf6 9. Qc2 O-O 10. Rb1 Re8 11. f3 b6 12. Bg5 h6 13. Bh4 g5 14. Bf2
Nd7 15. Ng3 Ba6 16. Nf5 Qf8 17. Qa4 Ndb8 18. d5 Na5 19. Nxh6+ Qxh6 20. 
Qxe8+ Qf8 21. Qxf8+ Kxf8 22. Be3 f6 23. h4 gxh4 24. Kf2 Nd7 25. Rh1 Kg7 
26. Rxh4 Rh8 27. Rxh8 Kxh8 28. g3 Kg7 29. f4 Bxc4 30. Bxc4 Nxc4 31. Rh1 a5
32. Kf3 Kg8 33. f5 Kg7 34. g4 Na3 35. g5 fxg5 36. Bxg5 Nb5 37. Bd8 Nxc3 
38. Rc1 Nb5 39. Bxc7 Kf7 40. Ke3 Ke7 41. Rc6 Nc5 42. Bxb6 Na4 43. Bxa5 Nd4
44. Rc7+ Kf6 45. Ra7 Nc2+ 46. Kd2 Nb6 47. Bxb6 Na3 48. Bd8# 1-0

[Event "Malmo Open"]
[Site "Malmo"]
[Date "2012.12.15"]
[Round "2"]
[White "Jepson, Christian"]
[Black "Johansson, Thomas"]
[Result "1-0"]
[WhiteElo "2454"]
[BlackElo "2293"]

1. d4 e6 2. c4 d5 3. Nf3 a6 4. cxd5 exd5 5. Nc3 Nc6 6. g3 Bf5 7. Bg2 Be7 
8. O-O Nf6 9. Ne5 Na7 10. Qb3 c6 11. Qxb7 Qc8 12. Qxc8+ Rxc8 13. Be3 Rb8 
14. Na4 O-O 15. Rac1 Rfc8 16. f3 Rb4 17. b3 h6 18. Rfd1 Ne8 19. Bf2 Nd6 
20. Nc5 a5 21. Be1 Rb5 22. a4 Rbb8 23. Bxa5 Nb7 24. Bb6 Nxc5 25. Bxa7 Nxb3
26. Bxb8 Nxc1 27. Rxc1 Rxb8 28. Nxc6 Ba3 29. Nxb8 Bxc1 30. Kf2 Bd2 31. e4 
Be6 32. Bf1 f5 33. e5 Kf8 34. Bb5 g5 35. Ke2 Bc3 36. Kd3 Be1 37. f4 g4 38.
 Nc6 Bd7 39. Ke2 Bc3 40. Ke3 h5 41. a5 Bxa5 42. Nxa5 Bxb5 43. Kd2 Ke7 44. 
Kc3 Ke6 45. Kb4 Ba6 46. Kc5 Bd3 47. Nc6 Bc4 48. Nb4 Bb3 49. Na6 Kd7 50. 
Kb6 Ke7 51. Kc6 Kf7 52. Kd6 Ba4 53. Nc7 h4 54. e6+ Kf8 55. Kxd5 Ke7 56. 
Ke5 Bc2 57. d5 Kd8 58. d6 Ba4 59. e7+ 1-0

[Event "Malmo Open"]
[Site "Malmo"]
[Date "2012.12.15"]
[Round "2"]
[White "Bae, Torstein"]
[Black "Stojanovski, Sandi"]
[Result "1-0"]
[WhiteElo "2430"]
[BlackElo "2217"]

1. e4 c5 2. Nf3 Nc6 3. d4 cxd4 4. Nxd4 Nf6 5. Nc3 e5 6. Ndb5 d6 7. Bg5 a6 
8. Na3 b5 9. Nd5 Be7 10. Bxf6 Bxf6 11. c4 b4 12. Nc2 a5 13. g3 O-O 14. Bg2
Be6 15. O-O Rc8 16. b3 Bxd5 17. exd5 Nb8 18. a3 bxa3 19. Nxa3 Na6 20. Nb5 
Qb6 21. Be4 Nc5 22. Bc2 e4 23. Ra2 Rfe8 24. Qd2 Ra8 25. Re1 g6 26. h4 h5 
27. Kg2 Bg7 28. Re2 f5 29. Qf4 Rad8 30. Qe3 Kh7 31. Qd2 Nb7 32. b4 axb4 
33. Qxb4 Bd4 34. Ra7 Ra8 35. Rxb7+ Qxb7 36. Qxd6 Be5 37. Qb4 Ra2 38. Bd1 
Rxe2 39. Bxe2 f4 40. gxf4 Bxf4 41. Qc5 Qf7 42. Nd4 Qf6 43. Ne6 Qxh4 44. 
Nxf4 Qxf4 45. Qe3 Qe5 46. Qg3 Kg7 47. d6 Qxg3+ 48. Kxg3 Kf6 49. c5 Rd8 50.
 Kf4 h4 51. Bg4 e3 52. fxe3 g5+ 53. Ke4 Re8+ 54. Kd4 Rh8 55. c6 h3 56. 
Bxh3 Rxh3 57. c7 Rh4+ 58. e4 Rh8 59. d7 1-0

[Event "Malmo Open"]
[Site "Malmo"]
[Date "2012.12.15"]
[Round "2"]
[White "Kockum, Anton Frisk"]
[Black "Walinder, Lars"]
[Result "0-1"]
[WhiteElo "2415"]
[BlackElo "2174"]

1. d4 d5 2. Nf3 Nf6 3. c4 c6 4. cxd5 cxd5 5. Nc3 Nc6 6. Bf4 Nh5 7. Bd2 e6 
8. e3 Bd6 9. Ne5 Nf6 10. f4 O-O 11. Bd3 Ne8 12. Qh5 f5 13. Qh3 Nf6 14. O-O
Bd7 15. Be1 Rc8 16. Bh4 Be7 17. Rac1 a6 18. Bg5 Nxe5 19. fxe5 Ne4 20. Bxe7
Qxe7 21. Bxe4 dxe4 22. Qg3 Qb4 23. Rc2 Bb5 24. Rfc1 Bd3 25. Rd2 f4 26. Qh3
Rf5 27. a3 Qb6 28. g4 fxe3 29. Rxd3 exd3 30. Qxe3 Rf7 31. b4 Rd7 32. Qxd3 
Rxd4 33. Qe3 Rxg4+ 34. Kf2 Rg2+ 35. Kf3 Rf8+ 36. Ke4 Qc6+ 37. Kd3 Rf3 38. 
Qxf3 Qxf3+ 39. Kc4 Rg4+ 40. Kb3 Qd3 41. Rd1 Qc4+ 42. Ka4 Qxc3 43. Rd8+ Kf7
44. Rd7+ Kg6 45. Rxb7 Qc6+ 46. Ka5 Qxb7 47. a4 Qxb4+ 0-1

[Event "Malmo Open"]
[Site "Malmo"]
[Date "2012.12.15"]
[Round "3"]
[White "Karlsson, Robin"]
[Black "Hillarp Persson, Tiger"]
[Result "0-1"]
[WhiteElo "1974"]
[BlackElo "2619"]

1. d4 g6 2. c4 Bg7 3. Nc3 d6 4. Nf3 Nf6 5. e4 O-O 6. Be2 Bg4 7. Qb3 Nc6 8.
 Be3 Nd7 9. O-O-O a5 10. a3 a4 11. Nxa4 Bxf3 12. gxf3 e5 13. dxe5 dxe5 14.
 Nc5 Nd4 15. Bxd4 exd4 16. Nxd7 Qxd7 17. Qxb7 Rfb8 18. Qd5 Qa4 19. Rd3 c6 
20. Qc5 Ra5 21. Qd6 Be5 22. b3 Rxb3 23. Qd8+ Kg7 24. Rxb3 Qxb3 25. Qxa5 
Bf4+ 0-1

[Event "Malmo Open"]
[Site "Malmo"]
[Date "2012.12.15"]
[Round "3"]
[White "Arvidsson, Erik"]
[Black "Hector, Jonny"]
[Result "0-1"]
[WhiteElo "1938"]
[BlackElo "2608"]

1. b3 e5 2. Bb2 Nc6 3. e3 Nf6 4. Bb5 Bd6 5. Bxc6 dxc6 6. Ne2 Qe7 7. O-O 
Bg4 8. d3 Rd8 9. Qe1 O-O 10. e4 Bc5 11. Nd2 Nh5 12. Kh1 b5 13. f3 Bc8 14. 
g4 Nf4 15. Nxf4 exf4 16. Nb1 h5 17. h3 hxg4 18. hxg4 Rd6 19. Kg2 Qg5 20. 
Qe2 Rh6 21. d4 Rh4 22. Rh1 Bxg4 23. fxg4 f3+ 24. Qxf3 Rxg4+ 25. Kf2 Rf4 
26. dxc5 f5 27. e5 Rxf3+ 28. Kxf3 Qg4+ 29. Kf2 Qf4+ 30. Kg2 Qe4+ 31. Kg1 
Rd8 32. Na3 Qe3+ 33. Kf1 Rd2 0-1

[Event "Malmo Open"]
[Site "Malmo"]
[Date "2012.12.15"]
[Round "3"]
[White "Knudsen, Andre"]
[Black "Semcesen, Daniel"]
[Result "0-1"]
[WhiteElo "1911"]
[BlackElo "2520"]

1. d4 e6 2. Nf3 b6 3. g3 Bb7 4. Bg2 f5 5. O-O Nf6 6. c4 g6 7. Nc3 Bg7 8. 
b4 O-O 9. Bb2 Qe7 10. Qb3 a5 11. a3 Ne4 12. Rad1 axb4 13. axb4 Nc6 14. c5 
Nxc3 15. Bxc3 Na7 16. cxb6 Nb5 17. Bb2 Bd5 18. Qd3 c6 19. Ra1 Rab8 20. Ne5
Bxg2 21. Kxg2 Rxb6 22. Rfb1 Rb7 23. Bc1 Qd6 24. Nf3 Nxd4 25. Be3 Nb5 26. 
Qxd6 Nxd6 27. Ra3 Nb5 28. Rd3 Nc3 29. Rb3 Nd5 30. Bc5 Rfb8 31. Bd6 Ra8 32.
 Nd4 Bf8 33. Bxf8 Kxf8 34. Nc2 Ra2 35. Rxd5 exd5 36. Rc3 Ke7 37. Kf3 Kd6 
38. Ke3 Rb2 39. Kd3 Ra7 40. h4 Raa2 41. e3 Rb1 42. Ke2 Rxb4 0-1

[Event "Malmo Open"]
[Site "Malmo"]
[Date "2012.12.15"]
[Round "3"]
[White "Memic, Edin"]
[Black "Jepson, Christian"]
[Result "0-1"]
[WhiteElo "1901"]
[BlackElo "2454"]

1. e4 e5 2. f4 exf4 3. Nf3 Nf6 4. Nc3 d5 5. e5 Ne4 6. d3 Ng5 7. Bxf4 Ne6 
8. Bg3 Bb4 9. a3 Bxc3+ 10. bxc3 c5 11. d4 Nc6 12. Bb5 Qa5 13. Bxc6+ bxc6 
14. Qd2 Ba6 15. h4 Rb8 16. h5 Rb2 17. h6 gxh6 18. Kd1 Rg8 19. Be1 cxd4 20.
 g3 d3 21. c4 Qxd2+ 22. Bxd2 Rxg3 23. Ne1 dxc2+ 24. Kc1 Rb1+ 25. Rxb1 
cxb1=Q+ 26. Kxb1 Bxc4 27. Rxh6 Rxa3 28. Rxh7 Bd3+ 29. Nxd3 Rxd3 30. Kc2 
Rf3 31. Rh8+ Kd7 32. Ba5 c5 33. Ra8 Kc6 34. Rxa7 d4 35. Bd2 Kd5 0-1

[Event "Malmo Open"]
[Site "Malmo"]
[Date "2012.12.15"]
[Round "3"]
[White "Karlsson, Anders"]
[Black "Bae, Torstein"]
[Result "0-1"]
[WhiteElo "1860"]
[BlackElo "2430"]

1. e4 c5 2. Nf3 e6 3. d4 cxd4 4. Nxd4 Nc6 5. Nb3 Nf6 6. Bd3 d5 7. exd5 
Nxd5 8. O-O Be7 9. a3 O-O 10. c4 Nf6 11. Be3 b6 12. Qe2 Bb7 13. Bf4 e5 14.
 Bg5 e4 15. Bc2 Nd4 16. Nxd4 Qxd4 17. Nc3 Rfe8 18. Rad1 Qe5 19. Bxf6 Bxf6 
20. Rfe1 Qa5 21. Nxe4 Bxb2 22. Qd3 g6 23. Qd7 Bxe4 24. Rxe4 Rxe4 25. Bxe4 
Rf8 26. a4 Ba3 27. g3 Bc5 28. Rd2 Qc3 29. Rc2 Qe1+ 0-1

[Event "Malmo Open"]
[Site "Malmo"]
[Date "2012.12.15"]
[Round "3"]
[White "Jacobsen, Fredrik Beer"]
[Black "Fries-Nielsen, Niels-Jorgen"]
[Result "0-1"]
[WhiteElo "1859"]
[BlackElo "2398"]

1. e4 d6 2. g3 Nf6 3. Bg2 Nbd7 4. Nc3 c6 5. d3 b5 6. a3 Rb8 7. Nge2 a5 8. 
O-O e5 9. h3 b4 10. axb4 axb4 11. Nb1 d5 12. f4 dxe4 13. dxe4 Bc5+ 14. Kh2
O-O 15. Nd2 exf4 16. Nxf4 Ne5 17. Qe2 Re8 18. Nc4 Nxc4 19. Qxc4 Qd4 20. 
Qxd4 Bxd4 21. Rd1 c5 22. Ne2 Be5 23. Bf4 Bb7 24. Ra5 Rbc8 25. c3 Bxf4 26. 
Nxf4 bxc3 27. bxc3 Bxe4 28. c4 h5 29. Nd5 Bxd5 30. cxd5 c4 31. Rc1 Re2 32.
 Kg1 c3 33. Ra3 Re3 34. Kf2 Rd3 35. Rc2 Rc5 36. Bf1 Ne4+ 0-1

[Event "Malmo Open"]
[Site "Malmo"]
[Date "2012.12.15"]
[Round "3"]
[White "Walinder, Lars"]
[Black "Eisele, Per"]
[Result "1/2-1/2"]
[WhiteElo "2174"]
[BlackElo "1850"]

1. c4 f5 2. g3 Nf6 3. Bg2 e6 4. Nf3 c6 5. O-O Na6 6. Nc3 d5 7. d3 Nc7 8. 
e4 fxe4 9. dxe4 Bb4 10. exd5 Bxc3 11. bxc3 cxd5 12. cxd5 Nfxd5 13. c4 Ne7 
14. Qe2 O-O 15. Bb2 Nc6 16. Ba3 Rf7 17. Rad1 Qf6 18. Bb2 Qe7 19. Ne5 Nxe5 
20. Qxe5 Ne8 21. Rd3 Rf5 22. Qe2 e5 23. Be4 Rf7 24. Bd5 Be6 25. Qxe5 Bxd5 
26. Qxd5 Nf6 27. Qd4 Qe4 28. Qxe4 Nxe4 29. f3 Nc5 30. Rd5 b6 31. Bd4 Ne6 
32. Rd6 Nxd4 33. Rxd4 Rc8 34. Rf2 Rfc7 35. Rc2 a5 36. Kf2 b5 37. Ke3 bxc4 
38. Kd2 Kf7 39. Kc3 h5 40. Re2 g6 41. Ree4 Kf6 42. Rxc4 Rxc4+ 43. Rxc4 Re8
44. Rc6+ Kg7 45. Kd3 Rd8+ 46. Ke2 Rb8 47. Rc2 a4 48. Kd3 a3 49. Kd2 Rb1 
50. Kc3 g5 51. Kd3 1/2-1/2

[Event "Malmo Open"]
[Site "Malmo"]
[Date "2012.12.15"]
[Round "3"]
[White "Bromann, Finn"]
[Black "Persson, Jan"]
[Result "1/2-1/2"]
[WhiteElo "1846"]
[BlackElo "2011"]

1. e4 c5 2. Nf3 e6 3. d4 cxd4 4. Nxd4 Nf6 5. Nc3 h5 6. Be2 Nc6 7. Nxc6 
bxc6 8. e5 Nd5 9. Nxd5 cxd5 10. Bxh5 Qh4 11. Bf3 Ba6 12. c3 Bc5 13. g3 Qh3
14. Qc2 Rh5 15. Bxh5 Qg2 16. Bf3 Qxf3 17. Rg1 Bd3 18. Qd2 Qe4+ 19. Kd1 
Qg4+ 20. Ke1 Qe4+ 1/2-1/2

[Event "Malmo Open"]
[Site "Malmo"]
[Date "2012.12.15"]
[Round "4"]
[White "Pedersen, Nicolai V"]
[Black "Hillarp Persson, Tiger"]
[Result "0-1"]
[WhiteElo "2440"]
[BlackElo "2619"]

1. d4 Nf6 2. c4 g6 3. Nc3 Bg7 4. e4 d6 5. Be2 O-O 6. Nf3 e5 7. Be3 Na6 8. 
dxe5 dxe5 9. c5 Ng4 10. Bxa6 Nxe3 11. fxe3 bxa6 12. Qxd8 Rxd8 13. Nd5 Bf8 
14. Rc1 c6 15. Nb4 Bb7 16. Nxe5 Re8 17. Nd7 Bg7 18. e5 a5 19. Nc2 Bxe5 20.
 O-O Rad8 21. Nxe5 Rxe5 22. Na3 Ba6 23. Rfd1 Rxd1+ 24. Rxd1 Rxc5 25. Rd7 
Rf5 26. h3 Rf1+ 27. Kh2 Rf2 28. Rxa7 Bd3 29. Rd7 Be4 30. Kg3 Rxg2+ 31. Kf4
Bd5 32. Rb7 Bxa2 33. Rb6 Be6 34. Nb1 Bxh3 35. Nc3 Bf5 36. e4 Be6 37. e5 
Rg4+ 38. Kf3 Rb4 39. Rxc6 Rxb2 40. Kf4 Rb4+ 41. Ke3 Kg7 42. Ra6 a4 43. Ne4
Bc4 44. Ra7 Bd5 45. Nf6 Rb7 46. Ra6 Be6 47. Rxa4 h5 48. Ra8 Kh6 49. Kf4 
Rb4+ 50. Ke3 Kg5 51. Ra1 Kf5 52. Rf1+ Kxe5 53. Nh7 Rg4 54. Re1 Re4+ 55. 
Kf2 Rxe1 56. Kxe1 f6 57. Kf2 g5 0-1

[Event "Malmo Open"]
[Site "Malmo"]
[Date "2012.12.15"]
[Round "4"]
[White "Fries-Nielsen, Niels-Jorgen"]
[Black "Semcesen, Daniel"]
[Result "1/2-1/2"]
[WhiteElo "2398"]
[BlackElo "2520"]

1. f4 d5 2. Nf3 g6 3. e3 Bg7 4. Be2 Nd7 5. Nc3 c6 6. O-O Nh6 7. d4 Nf5 8. 
e4 dxe4 9. Nxe4 Nf6 10. Nxf6+ Bxf6 11. c3 h5 12. Ne5 Be6 13. Re1 Qd6 14. 
Bc4 Bxc4 15. Nxc4 Qd5 16. Ne3 Nxe3 17. Bxe3 h4 18. Qb3 O-O 19. Qxd5 cxd5 
20. g4 hxg3 21. hxg3 Kg7 22. Kg2 Rh8 23. Rh1 Rxh1 24. Rxh1 b5 25. g4 e6 
26. f5 exf5 27. gxf5 Re8 28. Kf3 Re4 29. Bh6+ Kg8 30. fxg6 fxg6 31. Bd2 a6
32. a4 b4 33. cxb4 Bxd4 34. Rc1 Kf7 35. Rc7+ Re7 36. Rc6 Re6 37. Rc7+ Re7 
38. Rc6 Re6 39. Rc7+ Kf6 40. Rd7 Bxb2 41. Rxd5 Be5 42. b5 axb5 43. axb5 
Kf5 44. Bc3 g5 45. b6 Rxb6 46. Rxe5+ Kg6 47. Bd2 Rd6 48. Rxg5+ Kf6 49. Bf4
Rd4 50. Ra5 Rb4 51. Kg4 Ke6 52. Re5+ Kf6 53. Rd5 Ke6 54. Rd6+ Ke7 55. Kf5 
Rxf4+ 56. Kxf4 Kxd6 1/2-1/2

[Event "Malmo Open"]
[Site "Malmo"]
[Date "2012.12.15"]
[Round "4"]
[White "Brynell, Stellan"]
[Black "Jepson, Christian"]
[Result "1/2-1/2"]
[WhiteElo "2572"]
[BlackElo "2454"]

1. d4 d5 2. c4 e6 3. Nf3 Nf6 4. Nc3 Be7 5. Bg5 h6 6. Bh4 O-O 7. e3 b6 8. 
Bd3 Bb7 9. O-O Nbd7 10. Qe2 Ne4 11. Bg3 c5 12. cxd5 exd5 13. Rad1 Qc8 14. 
Rc1 Nxg3 15. hxg3 Qb8 16. Rfd1 Rd8 17. dxc5 Nxc5 18. Bb1 Bf6 19. Nd4 Qe5 
20. Qg4 h5 21. Qf4 g6 22. Qxe5 Bxe5 23. Nce2 Rac8 24. f3 Kg7 25. b3 Ne6 
26. Kf2 Nxd4 27. Nxd4 Bxd4 28. exd4 Rxc1 29. Rxc1 Rc8 30. Rxc8 Bxc8 31. 
Bd3 Bd7 32. Ke3 Kf6 33. b4 Bf5 34. Ba6 Bb1 35. a3 Ke7 36. Bc8 f6 37. Kf2 
g5 38. Ke3 Bg6 39. Bb7 Kd6 40. Ba6 Bf5 41. Be2 Bb1 42. Kd2 Bg6 43. Kc3 Bf5
44. Ba6 Kc7 45. Bb5 Bd7 46. Bd3 f5 47. Kd2 Kd6 48. Ke3 Ke7 49. Ba6 Kd6 50.
 Kf2 Be6 51. Kg1 f4 52. gxf4 gxf4 53. Bd3 Ke7 54. Kh2 Kf6 55. Bb5 Kg5 56. 
Be8 Kh4 57. Bg6 Kg5 58. Be8 Kh4 59. Bg6 1/2-1/2

[Event "Malmo Open"]
[Site "Malmo"]
[Date "2012.12.15"]
[Round "4"]
[White "Lindberg, Bengt"]
[Black "Malmgren, Lars-Goran"]
[Result "1-0"]
[WhiteElo "2477"]
[BlackElo "2019"]

1. e4 c5 2. Nf3 d6 3. d4 cxd4 4. Nxd4 Nc6 5. c4 Nf6 6. Nc3 a6 7. Be2 Bd7 
8. Be3 g6 9. O-O Bg7 10. Qd2 O-O 11. f3 Nxd4 12. Bxd4 Bc6 13. b4 e6 14. 
Rfd1 d5 15. cxd5 exd5 16. exd5 Bxd5 17. Bxf6 Bxf6 18. Nxd5 Bxa1 19. Rxa1 
Re8 20. Bc4 Rc8 21. Bb3 Re5 22. Rd1 Rc6 23. Qf4 Rf5 24. Qd4 Qd6 25. Re1 
1-0

[Event "Malmo Open"]
[Site "Malmo"]
[Date "2012.12.15"]
[Round "4"]
[White "Lindgren, Philip"]
[Black "Eisele, Per"]
[Result "1-0"]
[WhiteElo "2344"]
[BlackElo "1850"]

1. d4 g6 2. c4 Bg7 3. Nf3 c5 4. d5 d6 5. g3 Nf6 6. Bg2 Na6 7. O-O O-O 8. 
Nc3 Nc7 9. e4 Bg4 10. h3 Bxf3 11. Qxf3 Nd7 12. Qe2 a6 13. a4 e5 14. Kh2 
Ne8 15. Bd2 f5 16. f4 Nef6 17. exf5 exf4 18. Bxf4 Re8 19. Qc2 gxf5 20. 
Bxd6 Ne5 21. Bxe5 Rxe5 22. Rxf5 Rxf5 23. Qxf5 Qd6 24. Ne4 Nxe4 25. Bxe4 
Qh6 26. Qe6+ Qxe6 27. dxe6 Rf8 28. Re1 Rf2+ 29. Kh1 Kf8 30. Bxb7 Ke7 31. 
Bxa6 Bxb2 32. Bb7 Bd4 33. Bd5 Ra2 34. Rb1 Bb2 35. a5 1-0

[Event "Malmo Open"]
[Site "Malmo"]
[Date "2012.12.15"]
[Round "4"]
[White "Walinder, Lars"]
[Black "Bromann, Finn"]
[Result "1-0"]
[WhiteElo "2174"]
[BlackElo "1846"]

1. c4 Nf6 2. g3 c5 3. Bg2 g6 4. Nf3 Bg7 5. d4 O-O 6. Nc3 cxd4 7. Nxd4 Nc6 
8. O-O Qb6 9. e3 d6 10. b3 Ng4 11. Nd5 Qd8 12. Bb2 e6 13. Nxc6 bxc6 14. 
Bxg7 Kxg7 15. Nb4 Nf6 16. Nxc6 Qc7 17. Nd4 Bb7 18. Nb5 Qb6 19. Qxd6 Bxg2 
20. Qxb6 axb6 21. Kxg2 Rfd8 22. Nd4 e5 23. Nf3 e4 24. Nd4 Nd7 25. a4 Nc5 
26. Ra3 Ne6 27. Rd1 Kf6 28. Kf1 Rd6 29. Ke2 Rad8 30. Nxe6 Rxd1 31. Nxd8 
Rxd8 32. a5 Ra8 33. b4 Ke6 34. axb6 Rb8 35. c5 Kd5 36. Rc3 Kc6 37. Rc4 f5 
38. Rd4 Kb5 39. Kd2 Ra8 40. Kc3 Ra3+ 41. Kb2 Ra8 42. Kb3 Ra1 43. b7 1-0